<?xml version="1.0" encoding="UTF-8"?>
<marc:record xmlns:marc="http://www.loc.gov/MARC21/slim">
   <marc:leader>00000nam a2200000 a 4500</marc:leader>
   <marc:datafield ind1="1" ind2=" " tag="100">
      <marc:subfield code="a">Bernardi, Isabel</marc:subfield>
      <marc:subfield code="4">aut</marc:subfield>
      <marc:subfield code="e">Verfasser/-in</marc:subfield>
   </marc:datafield>
   <marc:datafield ind1=" " ind2=" " tag="653">
      <marc:subfield code="a">Softcover / Belletristik/Gegenwartsliteratur (ab 1945)</marc:subfield>
   </marc:datafield>
   <marc:datafield ind1=" " ind2=" " tag="653">
      <marc:subfield code="a">Der erste Wiener Uni-Krimi</marc:subfield>
   </marc:datafield>
   <marc:datafield ind1=" " ind2=" " tag="653">
      <marc:subfield code="a">Historikerkongress</marc:subfield>
   </marc:datafield>
   <marc:datafield ind1=" " ind2=" " tag="653">
      <marc:subfield code="a">Krimi</marc:subfield>
   </marc:datafield>
   <marc:datafield ind1=" " ind2=" " tag="653">
      <marc:subfield code="a">Mordermittlung</marc:subfield>
   </marc:datafield>
   <marc:datafield ind1=" " ind2=" " tag="653">
      <marc:subfield code="a">Vatermord</marc:subfield>
   </marc:datafield>
   <marc:datafield ind1=" " ind2=" " tag="653">
      <marc:subfield code="a">Wien</marc:subfield>
   </marc:datafield>
   <marc:datafield ind1=" " ind2=" " tag="653">
      <marc:subfield code="a">Erzählende Literatur: Gegenwartsliteratur ab 1945</marc:subfield>
   </marc:datafield>
   <marc:datafield ind1="0" ind2="0" tag="245">
      <marc:subfield code="a">Vatermord</marc:subfield>
   </marc:datafield>
   <marc:datafield ind1="0" ind2="0" tag="245">
      <marc:subfield code="b">der erste Wiener Uni-Krimi</marc:subfield>
   </marc:datafield>
   <marc:datafield ind1="0" ind2="0" tag="245">
      <marc:subfield code="c">Isabel Bernardi</marc:subfield>
   </marc:datafield>
   <marc:datafield ind1=" " ind2="1" tag="264">
      <marc:subfield code="a">Würzburg</marc:subfield>
      <marc:subfield code="b">Königshausen &amp; Neumann</marc:subfield>
      <marc:subfield code="c">2012</marc:subfield>
   </marc:datafield>
   <marc:datafield ind1="1" ind2=" " tag="520">
      <marc:subfield code="a">Angaben aus der Verlagsmeldung

Vatermord : Der erste Wiener Uni-Krimi / von Isabel Bernardi

„Die Stimme des Intellekts ist leise.“ Die Stele für Sigmund Freud im Votivpark spricht eine Warnung in Richtung der Universität Wien aus. Als dort einer jungen Wissenschaftlerin die Kehle durchgeschnitten wird, beginnt die Fassade rationaler und objektiver Wahrheitssuche zu bröckeln.

Bei einem großen Historikerkongress und während des Verfahrens zur Berufung auf eine wichtige Professur braut sich weiteres Unheil zusammen. Der mächtige und rücksichtslose Vorstand des Instituts für Geschichte Josef Amblic wird tot in seinem Büro gefunden – neben einer Giftschlange. Assistent Martin Heiser gerät in die Rolle des Ermittlers und sucht im akademischen Mikrokosmos die Wahrheit, welche die Inspektorin alleine nicht fi nden kann. Seine Albträume refl ektieren die Ereignisse auf tieferer Ebene und geben ihm wichtige Hinweise. Er entdeckt überraschende Verfl echtungen des akademischen Umfelds mit verworrenen Familienverhältnissen – und fi ndet sich in einer Schlangengrube wieder.

Voller Anspielungen und Seitenhiebe spiegelt der erste Wiener Uni-Krimi die akademische Binnenwelt in einer gesellschaftlichen Situation, welche der Universität überstürzte Reformen, Sparbudgets, den Bologna-Prozess und heftige Studentenproteste beschert hat.
</marc:subfield>
   </marc:datafield>
   <marc:datafield ind1=" " ind2=" " tag="020">
      <marc:subfield code="a">9783826049323</marc:subfield>
      <marc:subfield code="9">9783826049323</marc:subfield>
   </marc:datafield>
   <marc:datafield ind1=" " ind2=" " tag="020">
      <marc:subfield code="a">3826049322</marc:subfield>
      <marc:subfield code="9">3826049322</marc:subfield>
   </marc:datafield>
   <marc:datafield ind1=" " ind2=" " tag="041">
      <marc:subfield code="a">ger</marc:subfield>
   </marc:datafield>
   <marc:datafield ind1=" " ind2=" " tag="300">
      <marc:subfield code="a">192 S.</marc:subfield>
   </marc:datafield>
</marc:record>
